| 000 | 00394nam a22001337a 4500 | ||
|---|---|---|---|
| 008 | 230620b xxu||||| |||| 00| 0 eng d | ||
| 020 | _a978-91-8920-426-3 | ||
| 082 |
_a948.5 _bTRU 2004 |
||
| 245 |
_aTrue North : _bthe grand landscapes of Sweden / _cBokforlaget Max Strom |
||
| 260 |
_aSweden: _bBokforlaget Max Strom _c2004 |
||
| 300 | _a280p | ||
| 500 | _aColored Illustrations | ||
| 942 |
_2ddc _cBK |
||
| 999 |
_c1593 _d1593 |
||